01013nam a2200265Ia 4500003000400000005001700004008004100021020001500062040001800077041000800095082002100103100003800124245008300162250001300245260006300258300002700321650003300348650004300381650004700424650003300471700003000504942003000534999001900564952016400583OSt20220203142651.0210716s2012 xx 000 0 und d a0070600538 cAIMIT LIBRARY aeng a657.48 21bRAMN aRamachandran, Neelakantan.916303 aFinancial accounting for management /cBy N Ramachandran and Ram Kumar Kakani. a1st. ed. aNew Delhi :bTata Mc Graw Hill Publishing Company ,c2012. axxviii,498p. ;c24 cm. aFinancial Accounting.916304 aConceptual Basic of Accounting.916305 aAccounts for Joint Stock Companies.916306 aAccounting Standards.916307 aKakani, Ram Kumar.916308 2ddccBKe1stk657.48 RAMN c199724d199724 00102ddc40708MBAaAIMITbAIMITd2005-11-16g250.00iBill no:6812; Bill dt:2005-11-12l0o657.48 RAMNpMBA02289r2026-05-23 00:00:00v187.50w2021-07-16yBK